header

Apocalyptic faith and political violence (Record no. 93514)

MARC details
000 -LEADER
fixed length control field 01555nam a22003734a 4500
082 04 - DEWEY DECIMAL CLASSIFICATION NUMBER
Classification number 303.6/25
100 1# - MAIN ENTRY--AUTHOR NAME
Personal name Rinehart, James F.,
245 10 - TITLE STATEMENT
Title Apocalyptic faith and political violence
250 ## - EDITION STATEMENT
Edition statement 1st ed.
260 ## - PUBLICATION, DISTRIBUTION, ETC. (IMPRINT)
Place of publication New York :
Name of publisher Palgrave Macmillan,
Year of publication 2006.
300 ## - PHYSICAL DESCRIPTION
Number of Pages 226 p.
505 0# - FORMATTED CONTENTS NOTE
Formatted contents note Terrorism and prophecy -- The rise of millenarian terror -- The mediating role of the prophet -- Alienation and the quest for renewal -- Identity and millenarian violence.
650 #0 - SUBJECT ADDED ENTRY--TOPICAL TERM
Topical Term Terrorism
Topical Term Violence
Topical Term Religion and politics.
Topical Term End of the world.
Topical Term Armageddon.
856 40 - ELECTRONIC LOCATION AND ACCESS
Uniform Resource Identifier http://site.ebrary.com/lib/rucke/Doc?id=10155124

No items available.

© 2026 Rongo University
Contact us: librarian | system librarian | Rongo university